| 000 -LEADER |
| fixed length control field |
00579nam a22002057a 4500 |
| 008 - FIXED-LENGTH DATA ELEMENTS--GENERAL INFORMATION |
| fixed length control field |
151013b xxu||||| |||| 00| 0 eng d |
| 020 ## - INTERNATIONAL STANDARD BOOK NUMBER |
| International Standard Book Number |
9780495565512 |
| 020 ## - INTERNATIONAL STANDARD BOOK NUMBER |
| International Standard Book Number |
0495565512 |
| 041 0# - LANGUAGE CODE |
| Language code of text/sound track or separate title |
eng |
| 080 ## - UNIVERSAL DECIMAL CLASSIFICATION NUMBER |
| Universal Decimal Classification number |
658 |
| 100 1# - Rafti |
| Rafti |
Miller, Katherine, |
| 245 10 - TITLE STATEMENT |
| Title |
Organizational communication : |
| Statement of responsibility, etc |
Katherine Miller. |
| 250 ## - |
| -- |
5th ed. |
| 260 ## - |
| -- |
Boston, MA : |
| -- |
Wadsworth Cengage Learning, |
| -- |
2009. |
| 300 ## - |
| -- |
xviii, 318 f. : |
| -- |
me il.; |
| -- |
25 cm. |
| 650 #0 - |
| -- |
Komunikimi |
| 650 #0 - |
| -- |
Organizatë |
| 650 #0 - |
| -- |
Ndërpersonal |
| 942 ## - ADDED ENTRY ELEMENTS (KOHA) |
| Source of classification or shelving scheme |
|
| Item type |
Books |